| 000 | 00995nam a2200289 c 4500 | ||
|---|---|---|---|
| 999 |
_c344300 _d344300 |
||
| 003 | BLK | ||
| 005 | 20191007085218.0 | ||
| 008 | 180911b bul|||||r ||||||| ||bul|| | ||
| 010 | _a003965 | ||
| 040 | _aBLK | ||
| 041 |
_aSER _cBUL |
||
| 080 | _z886.2 | ||
| 100 | 1 |
_aДАНИЧИЧ, Б. _eпърви автор _9397011 |
|
| 245 | 0 | 0 | _aОснове српскога или хрватскога jезика |
| 260 |
_aБеоград _bДрж. штамп. _c1876 |
||
| 300 |
_aVI, 463 с _c22 см |
||
| 380 | _a80 | ||
| 490 |
_aЧастна колекция - Академик Михаил Арнаудов _gДарение - Основен фонд |
||
| 500 | _aМихаил Арнаудов: подпис | ||
| 520 | _aМихаил Арнаудов: негови-книга | ||
| 520 | _aДатиране на книгата : 30. Х. 96. | ||
| 650 |
_aЕзици _9396454 |
||
| 655 |
_aЕзикознание _9396452 |
||
| 700 | 1 |
_aБ. Даничич _9399110 |
|
| 852 | _aМА 2718 | ||
| 942 |
_cKNG _n0 _s1 |
||
| 944 |
_aCR _c1997 _kValK |
||
| 999 | _d344300 | ||